Le texte et la toile : Peintres et écrivains en dialogue (notice n° 1567129)
[ vue normale ]
| 000 -LEADER | |
|---|---|
| fixed length control field | 01324cam a2200133 4500500 |
| 005 - DATE AND TIME OF LATEST TRANSACTION | |
| control field | 20251214002553.0 |
| 041 ## - LANGUAGE CODE | |
| Language code of text/sound track or separate title | fre |
| 042 ## - AUTHENTICATION CODE | |
| Authentication code | dc |
| 100 10 - MAIN ENTRY--PERSONAL NAME | |
| Personal name | Bergez, Daniel |
| Relator term | author |
| 245 00 - TITLE STATEMENT | |
| Title | Le texte et la toile : Peintres et écrivains en dialogue |
| 260 ## - PUBLICATION, DISTRIBUTION, ETC. | |
| Name of publisher, distributor, etc. | Armand Colin,<br/> |
| Date of publication, distribution, etc. | 2020.<br/> |
| 520 ## - SUMMARY, ETC. | |
| Summary, etc. | La littérature et la peinture se sont développées au long des siècles dans une constante émulation. C'est ce dialogue fécond qu'explore cet ouvrage.L'auteur y développe, dans un style érudit et accessible, une réflexion d'ensemble qui mobilise un savoir double de l'art pictural et de la pratique littéraire. Il éclaire les multiples croisements historiques et thématiques entre ces deux arts, autant que les soubassements esthétiques et philosophiques de cet échange.On redécouvre ainsi à quel point la peinture a été pendant des siècles dépendante des textes, pour ses sources d'inspiration comme pour sa théorisation. Symétriquement, apparaît la fascination des écrivains pour l'immédiateté plastique de l'image, dont ils cherchent bien des fois à retrouver la séduction par le travail de l'écriture.Une sélection de tableaux est reproduite dans un cahier couleur central. |
| 856 41 - ELECTRONIC LOCATION AND ACCESS | |
| Uniform Resource Identifier | <a href="https://shs.cairn.info/le-texte-et-la-toile--9782200623760?lang=fr&redirect-ssocas=7080">https://shs.cairn.info/le-texte-et-la-toile--9782200623760?lang=fr&redirect-ssocas=7080</a> |
Pas d'exemplaire disponible.




Réseaux sociaux